| 000 | 01468nam a22003857a 4500 | ||
|---|---|---|---|
| 001 | BRCA_9261 | ||
| 003 | FranzMayer | ||
| 005 | 20230717140144.0 | ||
| 008 | 230714b |||||||| |||| 00| 0 eng d | ||
| 020 | _aEn trámite | ||
| 040 |
_aMFM _besp _cMFM |
||
| 041 | _aesp | ||
| 050 | 0 |
_aPQ601 _bC53 2018 |
|
| 110 | 1 |
_4Editorial _aUniversidad del Claustro de Sor Juana _bEstudios de Cultura Virreinal _928786 |
|
| 240 | 1 | _aProlija Memoria Mayo 2018 | |
| 245 | 0 |
_aProlija Memoria _bMayo 2018 |
|
| 260 |
_aCDMX, México _bUniversidad de Claustro de Sor Juana _c2018 |
||
| 300 |
_a174 p _c23.5 cm |
||
| 500 | _aL60/N5 | ||
| 505 | 0 | _aDestinado a: Investigadores, historiadores, sociólogos, filólogosTexto en: españolIncluye índice (temático)Bibliografía 159-160 p | |
| 610 | 1 |
_2Editorial colaboradora _aUNAM _bFacultad de filosofía y letras _928787 |
|
| 650 | 1 |
_2Literatura _aLiteratura española _vÉpoca virreinal _928788 |
|
| 651 | 2 |
_2Nueva España _aVirreinal _vLiteratura _928789 |
|
| 700 | 1 |
_4Col. _aBeuchot, Mauricio _928790 |
|
| 700 | 1 |
_4Col. _aRamos, Manuel _928791 |
|
| 700 | 1 |
_4Col. _aManiaci, Ileana _928792 |
|
| 700 | 1 |
_4Col. _aRuiz, Facundo _928793 |
|
| 700 | 1 |
_4Col. _aGutiérrez, Jorge _928794 |
|
| 700 | 1 |
_4Col. _aMorales, Wendy _928795 |
|
| 700 | 1 |
_4Col. _aSabat, Georgina _928796 |
|
| 700 | 1 |
_4Col. _aRevueltas, Eugenia _928797 |
|
| 700 | 1 |
_4Col. _aRodilla, María José _928798 |
|
| 700 | 1 |
_4Col. _aEspinosa, Mónica _928799 |
|
| 942 |
_2lcc _cH |
||
| 999 |
_c10880 _d10880 |
||